000 00511cam a22002051 4500
001 af 48004643
003 DLC
005 20260227110909.0
008 890619s1942 be 000 0 dut c
010 _aaf 48004643
035 _a(OCoLC)19897016
040 _aCalifornia. Univ. Libr.
_cCU
_dDLC
042 _apremarc
050 0 0 _aPT6446.R6
_bG7
100 1 _aRooy, Jos van.
245 1 0 _aGrond!
260 _aBrussel,
_bUitgeverij Ignis
_c[1942]
300 _a221 p.
_c18 cm.
440 0 _aSter-reeks,
_vnr. 7
999 _c6150
_d6150